000 01141nam a2200217Ia 4500
003 Ost
005 20260507075333.0
008 260507s9999||||xx |||||||||||||| ||und||
020 _a56911699579
040 _cfsecg
041 _aara
082 _a330
100 _aشلاش، عنبر ابراهيم
_eمؤلف
245 0 _aالتسويق الزراعي /
_c عنبر ابراهيم شلاش
260 _aعمان:
_bدار الثقافة,
_c2012
300 _a303 صفحة؛
_bإيضاحات ؛
_c25 سم
520 _aسكان العلم ، دور ادارة الموارد البشرية في اعداد استراتيجية المؤسسة ، طبيعة التطيط داخل القطاع العام ، تطور و مفاهيم التسويق ، المفهوم الحديث لادارة التسويق و طبيعة النشاط التسويقي ، مفهوم التسويق التعاوني ، القدرة الادارية ووظائف التسويق ، ادارة الهيئات الأهلية ، الاقتصاد الزراعي
653 _aالإقتصاد الزراعي
653 _aالتسويق
942 _cكتاب
999 _c44021
_d44021